Spolupráce britských vysokých škol se sférou podnikání

Posilňovanie väzieb medzi vysokými školami a o priemyslom i celou podnikateľskou sférou sa stalo významnou súčasťou vysokoškolskej reformy vo Veľkej Británii. Reforma vysokého školstva. Spolupráca vysokých škôl s podnikmi na báze výskumu. Spolupráca s podnikmi v oblasti vzdelávania a odbornej prípra...

Full description

Saved in:
Bibliographic Details
Main Author: Závada, Jiří
Format: Book Chapter
Language:Czech
Subjects:
Tags: Add Tag
No Tags, Be the first to tag this record!

MARC

LEADER 00000naa$a2200000$$$4500
001 0024278
005 20230919104142.0
041 0 |a cze 
044 |a CZ 
245 1 0 |a Spolupráce britských vysokých škol se sférou podnikání  |c Jiří Závada 
520 |a Posilňovanie väzieb medzi vysokými školami a o priemyslom i celou podnikateľskou sférou sa stalo významnou súčasťou vysokoškolskej reformy vo Veľkej Británii. Reforma vysokého školstva. Spolupráca vysokých škôl s podnikmi na báze výskumu. Spolupráca s podnikmi v oblasti vzdelávania a odbornej prípravy. 
610 2 0 |a školy vysoké 
610 2 0 |a reformy školské 
610 2 0 |a Veľká Británia 
610 2 0 |a spolupráca vedecká 
610 2 0 |a podnikatelia 
610 2 0 |a podnikanie 
610 2 0 |a príprava odborná 
610 2 0 |a sily pracovné 
100 1 |a Závada, Jiří